[Event "Garesnica op"]
[Site "Garesnica"]
[Date "2023.06.09"]
[Round "3"]
[White "Lalic, Kristijan"]
[Black "Kolednjak, Tomislav"]
[Result "1/2-1/2"]
[WhiteElo "2246"]
[BlackElo "2079"]
[PlyCount "87"]
[EventDate "2023.06.08"]
[EventType "swiss"]
[EventRounds "7"]
[EventCountry "CRO"]
[SourceTitle "CBM 214 Extra"]
[Source "ChessBase"]
[SourceDate "2023.07.31"]
[SourceVersion "1"]
[SourceVersionDate "2023.07.31"]
[SourceQuality "1"]

1. d4 d5 2. Bg5 Nf6 3. Bxf6 gxf6 4. e3 c5 5. dxc5 e6 6. c4 dxc4 7. Nc3 Qxd1+ 8. Rxd1 Bxc5 9. Bxc4 a6 10. Be2 Bd7 11. Bf3 Bc6 12. Ke2 Bb4 13. Bxc6+ Nxc6 14. Ne4 f5 15. Nd2 Ke7 16. Ngf3 Rhd8 17. Nb3 Rac8 18. Rxd8 Rxd8 19. Nbd4 Nxd4+ 20. Nxd4 f4 21. Rc1 fxe3 22. Kxe3 Ba5 23. Nb3 Bb6+ 24. Ke2 Rd5 25. Rc4 Rg5 26. Rb4 Re5+ 27. Kf1 Rb5 28. Rh4 h5 29. f3 Bc7 30. Ke2 Kf6 31. Kd3 Kg5 32. g3 Rd5+ 33. Ke2 b5 34. Re4 Bb6 35. Nc1 Bg1 36. h4+ Kf6 37. Nd3 Bb6 38. b4 Bc7 39. g4 hxg4 40. fxg4 Bd6 41. a3 Bg3 42. Nf4 Bxf4 43. Rxf4+ Kg6 44. Re4 1/2-1/2

[Event "Garesnica op"]
[Site "Garesnica"]
[Date "2023.06.09"]
[Round "4"]
[White "Lalic, Kristijan"]
[Black "Sermek, Antonio"]
[Result "0-1"]
[WhiteElo "2246"]
[BlackElo "2118"]
[PlyCount "162"]
[EventDate "2023.06.08"]
[EventType "swiss"]
[EventRounds "7"]
[EventCountry "CRO"]
[SourceTitle "CBM 214 Extra"]
[Source "ChessBase"]
[SourceDate "2023.07.31"]
[SourceVersion "1"]
[SourceVersionDate "2023.07.31"]
[SourceQuality "1"]

1. e4 e5 2. Nf3 d6 3. d4 exd4 4. Nxd4 Nc6 5. Bc4 g6 6. 0-0 Bg7 7. Nxc6 bxc6 8. c3 Ne7 9. b3 0-0 10. Bb2 d5 11. Bd3 dxe4 12. Bxe4 Nd5 13. Qc1 Qh4 14. Bxd5 cxd5 15. Na3 Ba6 16. Re1 Rfe8 17. Qd2 c6 18. Rxe8+ Rxe8 19. Re1 Re4 20. Nc2 Qe7 21. Rxe4 Qxe4 22. f3 Qe5 23. Qe3 Qxe3+ 24. Nxe3 Bd3 25. b4 Kf8 26. Kf2 Ke7 27. f4 Kd6 28. Ke1 Bb1 29. a4 Be4 30. g3 c5 31. b5 Bb1 32. Kd2 Ba2 33. Ba3 Bb3 34. a5 Bf6 35. b6 axb6 36. axb6 Be7 37. Ng4 f6 38. Nh6 Kc6 39. Ng8 Bd8 40. b7 Kxb7 41. Bxc5 d4 42. Nh6 dxc3+ 43. Kxc3 Be6 44. f5 gxf5 45. Kd3 Kc6 46. Ba7 Be7 47. Be3 Kd5 48. Bf4 Bc5 49. Be3 Bd6 50. Bd2 Be5 51. Be3 Kd6 52. Bd2 Kc6 53. Be3 Kd7 54. Bd2 Ke8 55. Bb4 Bb2 56. Kc2 Bd4 57. Kd3 Bf2 58. Ke2 Bb6 59. h3 Bc7 60. g4 f4 61. Bc5 Kd7 62. Nf5 Bd5 63. Kf2 Ke6 64. Nd4+ Ke5 65. Nf3+ Ke4 66. g5 Kf5 67. gxf6 Kxf6 68. Bd4+ Kf5 69. Bc5 Bd8 70. Bd4 Bb3 71. Bc5 Bd1 72. Ba7 Ke4 73. Nd2+ Kd3 74. Nf3 Bf6 75. Bb6 Bb2 76. Ba7 Bc1 77. Ne5+ Ke4 78. Nf7 Kf5 79. Bc5 h5 80. Bb6 Bb3 81. Nd6+ Ke5 0-1

[Event "Bosnjaci op 26th"]
[Site "Bosnjaci"]
[Date "2022.01.08"]
[Round "8"]
[White "Jelecevic, Ivo"]
[Black "Lalic, Kristijan"]
[Result "0-1"]
[WhiteElo "2127"]
[BlackElo "2215"]
[PlyCount "86"]
[EventDate "2022.01.03"]
[EventType "swiss"]
[EventRounds "9"]
[EventCountry "CRO"]
[SourceTitle "EXT 2023"]
[Source "ChessBase"]
[SourceDate "2022.10.05"]
[SourceVersion "1"]
[SourceVersionDate "2022.10.05"]
[SourceQuality "1"]

1. e4 e5 2. Nf3 Nc6 3. Bb5 f5 4. d3 fxe4 5. dxe4 Nf6 6. 0-0 Bc5 7. Nc3 d6 8. Bc4 Na5 9. Qd3 Nxc4 10. Qxc4 Qe7 11. Bg5 Be6 12. Nd5 Bxd5 13. exd5 0-0 14. b4 Bb6 15. a4 a5 16. b5 Qf7 17. Rad1 Qh5 18. Qh4 Qg6 19. Be3 Nd7 20. Ng5 Bxe3 21. fxe3 Nc5 22. Rxf8+ Rxf8 23. Rf1 Rxf1+ 24. Kxf1 Qf6+ 25. Ke2 h6 26. Nf3 Qxh4 27. Nxh4 Nxa4 28. Kd2 Kf7 29. Nf5 Nb6 30. e4 Nd7 31. c4 b6 32. Ng3 g6 33. Ne2 Kf6 34. Nc3 Kg5 35. Ke3 Kg4 36. Ne2 a4 37. Nc3 a3 38. Na2 Nc5 39. Nb4 h5 40. Na2 h4 41. Nb4 h3 42. g3 Nb3 43. Na2 Nd4 0-1

[Event "Bosnjaci op 26th"]
[Site "Bosnjaci"]
[Date "2022.01.05"]
[Round "4"]
[White "Tica, Sven"]
[Black "Lalic, Kristijan"]
[Result "1-0"]
[WhiteElo "2419"]
[BlackElo "2215"]
[PlyCount "69"]
[EventDate "2022.01.03"]
[EventType "swiss"]
[EventRounds "9"]
[EventCountry "CRO"]
[SourceTitle "EXT 2023"]
[Source "ChessBase"]
[SourceDate "2022.10.05"]
[SourceVersion "1"]
[SourceVersionDate "2022.10.05"]
[SourceQuality "1"]

1. d4 e6 2. Nf3 f5 3. g3 Nf6 4. Bg2 d5 5. 0-0 Bd6 6. c4 c6 7. b3 Qe7 8. Bb2 0-0 9. Qc1 b5 10. Ne5 Bb7 11. c5 Bxe5 12. dxe5 Ne4 13. b4 a5 14. a3 Nd7 15. Nd2 Nxd2 16. Qxd2 Rfd8 17. Bd4 a4 18. h4 Rf8 19. Qf4 Rf7 20. Bf3 Nf8 21. Bh5 g6 22. Bf3 Rg7 23. Be3 g5 24. hxg5 Ng6 25. Qd4 Rf8 26. Bh5 f4 27. gxf4 Nh4 28. Bg4 h6 29. f3 hxg5 30. fxg5 Nf5 31. Bxf5 Rxf5 32. Kf2 Bc8 33. Rh1 Bd7 34. Rh6 Be8 35. Rah1 1-0

[Event "Podturen Mavrin Memorial 8th"]
[Site "Podturen"]
[Date "2020.01.05"]
[Round "4"]
[White "Lalic, Kristijan"]
[Black "Kolednjak, Tomislav"]
[Result "0-1"]
[WhiteElo "2188"]
[BlackElo "1993"]
[PlyCount "44"]
[EventDate "2020.01.03"]
[EventType "swiss"]
[EventRounds "7"]
[EventCountry "CRO"]
[SourceTitle "CBM 194 Extra"]
[Source "ChessBase"]
[SourceDate "2020.03.31"]
[SourceVersion "1"]
[SourceVersionDate "2020.03.31"]
[SourceQuality "1"]

1. e4 c5 2. Nf3 Nc6 3. Nc3 e5 4. Bc4 Be7 5. d3 Nf6 6. g4 d6 7. g5 Nd7 8. Rg1 Nb6 9. Be3 Nxc4 10. dxc4 Be6 11. Nd5 Qd7 12. c3 Bd8 13. Qd3 Ne7 14. Nd2 Nxd5 15. cxd5 Bg4 16. f4 exf4 17. Bxf4 0-0 18. Qg3 Bh5 19. Bxd6 Re8 20. c4 Ba5 21. Rg2 Rxe4+ 22. Kf1 Rg4 0-1

[Event "Gradiste op 1st"]
[Site "Gradiste"]
[Date "2019.06.28"]
[Round "8"]
[White "Lalic, Kristijan"]
[Black "Mrdja, Milan"]
[Result "0-1"]
[WhiteElo "2202"]
[BlackElo "2303"]
[PlyCount "97"]
[EventDate "2019.06.24"]
[EventType "swiss"]
[EventRounds "9"]
[EventCountry "CRO"]
[SourceTitle "EXT 2020"]
[Source "ChessBase"]
[SourceDate "2019.10.17"]
[SourceVersion "1"]
[SourceVersionDate "2019.10.17"]
[SourceQuality "1"]

1. e4 Nf6 2. e5 Nd5 3. d4 d6 4. Bc4 Nb6 5. Bb3 dxe5 6. Qh5 e6 7. dxe5 a5 8. a4 Nc6 9. Nf3 g6 10. Qg4 Nd7 11. Nc3 Ndxe5 12. Nxe5 Nxe5 13. Qg3 Bd6 14. Ne4 f6 15. Bh6 Nf7 16. Nxd6+ cxd6 17. Qh4 f5 18. Qd4 e5 19. Bxf7+ Kxf7 20. Qd5+ Be6 21. Qxb7+ Qd7 22. Qxd7+ Bxd7 23. b3 Bc6 24. f3 g5 25. 0-0-0 Ke6 26. Bxg5 Rhg8 27. h4 h6 28. Bxh6 Rxg2 29. Rhf1 f4 30. Rd3 d5 31. Re1 Kf5 32. Rc3 Rc8 33. h5 Bd7 34. Rxc8 Bxc8 35. Rh1 Kf6 36. Bf8 Bf5 37. h6 Rxc2+ 38. Kd1 Ra2 39. Rh4 Bh7 40. Rh5 e4 41. Rxd5 exf3 42. Ke1 Rh2 43. Rd2 Rh1+ 44. Kf2 Be4 45. Bg7+ Kf5 46. Bf8 Kg4 47. Rd7 Rh2+ 48. Kf1 f2 49. Rc7 0-1

[Event "Gradiste op 1st"]
[Site "Gradiste"]
[Date "2019.06.25"]
[Round "3"]
[White "Lalic, Kristijan"]
[Black "Stocko, Josip"]
[Result "0-1"]
[WhiteElo "2202"]
[BlackElo "2319"]
[PlyCount "68"]
[EventDate "2019.06.24"]
[EventType "swiss"]
[EventRounds "9"]
[EventCountry "CRO"]
[SourceTitle "EXT 2020"]
[Source "ChessBase"]
[SourceDate "2019.10.17"]
[SourceVersion "1"]
[SourceVersionDate "2019.10.17"]
[SourceQuality "1"]

1. e4 c5 2. Nf3 d6 3. d4 cxd4 4. Qxd4 Nf6 5. Nc3 a6 6. Be3 e5 7. Qd2 h6 8. Rd1 Qc7 9. Be2 Be6 10. 0-0 Nbd7 11. Nh4 g6 12. g3 Nc5 13. Nd5 Nxd5 14. exd5 Bh3 15. Ng2 Rc8 16. c4 Ne4 17. Qc2 f5 18. f3 Nf6 19. Rfe1 Bg7 20. Nh4 Qf7 21. b4 0-0 22. c5 Nd7 23. Bc4 g5 24. Ng2 f4 25. gxf4 exf4 26. Bf2 Ne5 27. Qb3 g4 28. Nh4 Qh5 29. Kh1 Bf6 30. Rxe5 dxe5 31. fxg4 Bxg4 32. Rg1 Kh8 33. h3 Bxh4 34. hxg4 Qg5 0-1

[Event "Podturen Mavrin Memorial 7th"]
[Site "Podturen"]
[Date "2019.01.05"]
[Round "5"]
[White "Srsan, Matija"]
[Black "Lalic, Kristijan"]
[Result "0-1"]
[WhiteElo "1953"]
[BlackElo "2194"]
[PlyCount "64"]
[EventDate "2019.01.03"]
[EventType "swiss"]
[EventRounds "7"]
[EventCountry "CRO"]
[SourceTitle "CBM 188 Extra"]
[Source "ChessBase"]
[SourceDate "2019.02.26"]
[SourceVersion "1"]
[SourceVersionDate "2019.02.26"]
[SourceQuality "1"]

1. e4 d6 2. d4 Nf6 3. Nc3 e5 4. dxe5 dxe5 5. Qxd8+ Kxd8 6. Bg5 Be6 7. 0-0-0+ Nbd7 8. Nf3 Bd6 9. Bb5 Kc8 10. Bxd7+ Nxd7 11. Nd5 f6 12. Be3 Rd8 13. a3 c6 14. Nc3 Kc7 15. Ne1 b5 16. Nd3 a5 17. Nb1 b4 18. a4 c5 19. f4 c4 20. fxe5 fxe5 21. Ne1 Nc5 22. Rxd6 Kxd6 23. Bxc5+ Kxc5 24. Nf3 Rf8 25. Nxe5 Rf2 26. b3 Rxg2 27. bxc4 Bxc4 28. Nd2 Be2 29. h4 h6 30. h5 Rd8 31. Ng6 Rxd2 32. Nf4 Bf3 0-1

[Event "CRO-chT2 East"]
[Site "Croatia"]
[Date "2014.04.26"]
[Round "1.61"]
[White "Pucovski, Miroslav"]
[Black "Lalic, Kristijan"]
[Result "1/2-1/2"]
[WhiteElo "2288"]
[BlackElo "2271"]
[PlyCount "61"]
[EventDate "2014.04.26"]
[EventType "team-tourn"]
[EventRounds "11"]
[EventCountry "CRO"]
[SourceTitle "EXT 2019"]
[Source "ChessBase"]
[SourceDate "2018.10.10"]
[SourceVersion "1"]
[SourceVersionDate "2018.10.10"]
[SourceQuality "1"]

1. e4 Nc6 2. Nf3 g6 3. d4 Bg7 4. c3 d6 5. Bc4 Nf6 6. Qe2 d5 7. exd5 Nxd5 8. 0-0 0-0 9. Qe4 Nb6 10. Bb3 Bf5 11. Qh4 e5 12. Bg5 Qd7 13. dxe5 Nxe5 14. Nxe5 Bxe5 15. Nd2 Bg7 16. Rad1 Rfe8 17. Bf6 Bxf6 18. Qxf6 Qe7 19. Qxe7 Rxe7 20. Rfe1 Rxe1+ 21. Rxe1 Kf8 22. f3 Re8 23. Rxe8+ Kxe8 24. Kf2 Ke7 25. Ke3 f6 26. Kd4 Be6 27. Bxe6 Kxe6 28. Ne4 Nd7 29. c4 h6 30. b4 f5 31. Nc3 1/2-1/2

[Event "CRO-chT2 East"]
[Site "Osijek"]
[Date "2013.10.13"]
[Round "9.21"]
[White "Lalic, Kristijan"]
[Black "Rosic, Slavko S"]
[Result "1-0"]
[WhiteElo "2254"]
[BlackElo "2273"]
[PlyCount "139"]
[EventDate "2013.04.20"]
[EventType "team-tourn"]
[EventRounds "11"]
[EventCountry "CRO"]
[SourceTitle "EXT 2023"]
[Source "ChessBase"]
[SourceDate "2022.10.05"]
[SourceVersion "1"]
[SourceVersionDate "2022.10.05"]
[SourceQuality "1"]

1. e4 c5 2. Nf3 d6 3. d4 cxd4 4. Nxd4 Nf6 5. f3 g6 6. c4 Bg7 7. Nc3 0-0 8. Be3 b6 9. Qd2 Bb7 10. Be2 Nbd7 11. 0-0 Qc8 12. Rfc1 Ne5 13. Nd5 Re8 14. Bg5 Ned7 15. Rab1 Qd8 16. Nb5 Rf8 17. Rd1 a6 18. Nbc3 Re8 19. Bf1 Qc8 20. Rbc1 Qd8 21. Qf2 Rb8 22. h3 Bc6 23. Nxf6+ Bxf6 24. Bxf6 Nxf6 25. e5 Nh5 26. Rd4 Qc7 27. exd6 exd6 28. Rcd1 Rbd8 29. Bd3 Re6 30. Be4 Nf6 31. Bxc6 Qxc6 32. Nd5 b5 33. b3 Nh5 34. Qh4 Rde8 35. g4 Ng7 36. Nf6+ Rxf6 37. Qxf6 Ne6 38. Rxd6 Qc5+ 39. Kg2 Qe3 40. Rxe6 fxe6 41. Qb2 e5 42. Qd2 Qxd2+ 43. Rxd2 bxc4 44. bxc4 Rc8 45. Rc2 Kf7 46. Kf2 Ke6 47. h4 h5 48. gxh5 gxh5 49. Ke3 Kd6 50. c5+ Kc6 51. Ke4 Rf8 52. Rc3 Re8 53. a3 a5 54. a4 Re7 55. Kf5 Re8 56. Kg5 e4 57. Re3 Rg8+ 58. Kxh5 exf3 59. Rxf3 Kxc5 60. Rb3 Rh8+ 61. Kg4 Rg8+ 62. Kh3 Kd4 63. Rb5 Ke4 64. Rxa5 Kf4 65. Rg5 Rc8 66. Rg4+ Kf3 67. h5 Rh8 68. Kh4 Rh7 69. a5 Rh8 70. a6 1-0

[Event "CRO-chT2 East"]
[Site "Croatia"]
[Date "2011.10.15"]
[Round "8"]
[White "Lalic, Kristijan"]
[Black "Dulic, Grgur"]
[Result "1/2-1/2"]
[WhiteElo "2289"]
[BlackElo "2224"]
[PlyCount "69"]
[EventDate "2011.04.02"]
[EventType "tourn"]
[EventRounds "11"]
[EventCountry "CRO"]
[SourceTitle "EXT 2014"]
[Source "ChessBase"]
[SourceDate "2013.11.20"]
[SourceVersion "1"]
[SourceVersionDate "2013.11.20"]
[SourceQuality "1"]

1. e4 c5 2. Nf3 d6 3. d4 cxd4 4. Nxd4 Nf6 5. Nc3 a6 6. Bg5 Nc6 7. Qd2 Bd7 8. Nxc6 Bxc6 9. f3 e6 10. 0-0-0 Qa5 11. Kb1 Rc8 12. Bd3 Be7 13. Rhe1 Qc7 14. Ne2 b5 15. Nd4 Bb7 16. g4 0-0 17. h4 Rfe8 18. Be3 Nd7 19. g5 d5 20. exd5 Bxd5 21. f4 Nc5 22. h5 Nxd3 23. cxd3 b4 24. Rc1 Qa5 25. b3 Rc3 26. h6 g6 27. Ne2 Rec8 28. Bd4 R3c6 29. Rxc6 Rxc6 30. Rc1 Kf8 31. Qe3 Bd6 32. Rxc6 Bxc6 33. Bg7+ Ke8 34. Nd4 Kd7 35. Be5 1/2-1/2